Lyrics to 'Chillin' like a Villain' from Descendants 2 - Statistics

General Stats
  • This quiz has been taken 127 times
  • The average score is 333 of 393
Answer Stats
Answer % Correct
a
99%
I
99%
like
99%
Like
99%
you
98%
You
98%
be
96%
villain
96%
me
95%
Let
94%
when
93%
can
92%
chilling
92%
Chilling
92%
it
92%
show
92%
the
92%
break
91%
go
91%
how
91%
not
91%
rules
91%
so
91%
this
91%
this?
91%
wanna
91%
an
89%
cool?
89%
got
89%
need
89%
Need
89%
to
89%
and
88%
And
88%
feeling
88%
tell
88%
your
88%
something
87%
real
86%
what
86%
really
85%
us
85%
You'll
85%
cat
84%
get
84%
think
84%
yeah
84%
Yeah
84%
help
82%
if
82%
If
82%
trust
82%
once
81%
right
81%
Everybody's
80%
stare
80%
yourself
80%
care
79%
lot
79%
wicked
79%
catch
78%
of
78%
side
78%
head
76%
that
76%
back
75%
learn
75%
I'm
74%
know
74%
Watch
74%
watch
74%
never
73%
take
73%
want
72%
Don't
71%
don't
71%
feet
71%
lean
71%
whole
71%
can't
69%
rock
69%
bad
67%
drag
67%
nod
67%
teach
66%
through
66%
make
65%
my
65%
Slip
65%
sound
65%
cracks
64%
Oh
64%
gotta
62%
slide
62%
But
61%
hard
61%
Let's
61%
we
61%
it's
60%
shot
60%
smooth
60%
being
59%
ready
59%
around
58%
best
58%
disappear
58%
fight
58%
for
55%
giving
55%
about
54%
lose
54%
creep
53%
gonna
53%
look
53%
thank
53%
alley
52%
you're
52%
caught
51%
Well
49%
would
49%
here
47%
Seriously
47%
act
46%
health
46%
Now
46%
low-key
45%
stay
45%
wrong
44%
attention
40%
round
39%
found
31%
myself
29%
ain't
28%
draw
27%
He's
24%
worst
22%
No matching quizzes found
Score Distribution
Percent of People with Each Score
Percentile by Number Answered
Your Score History
You have not taken this quiz